| 000 | 01380nam a2200361 a 4500 | ||
|---|---|---|---|
| 001 | ebr10369659 | ||
| 003 | CaPaEBR | ||
| 006 | m u | ||
| 007 | cr cn||||||||| | ||
| 008 | 990511s1999 enka sb 001 0 eng d | ||
| 010 | _z 99071215 | ||
| 020 | _z0761957936 (pbk.) | ||
| 020 | _z0761957928 | ||
| 020 | _z9780761957928 | ||
| 020 | _z9780857022066 (e-book) | ||
| 040 |
_aCaPaEBR _cCaPaEBR |
||
| 035 | _a(OCoLC)607521816 | ||
| 050 | 1 | 4 |
_aHV41 _b.E94 1999eb |
| 082 | 0 | 4 |
_a361.3/2/0723 _221 |
| 245 | 0 | 0 |
_aEvaluation and social work practice _h[electronic resource] / _cedited by Ian Shaw and Joyce Lishman. |
| 260 |
_aLondon ; _aThousand Oaks, Calif. : _bSAGE Publications, _c1999. |
||
| 300 |
_axi, 243 p. : _bill. |
||
| 504 | _aIncludes bibliographical references and index. | ||
| 533 |
_aElectronic reproduction. _bPalo Alto, Calif. : _cebrary, _d2013. _nAvailable via World Wide Web. _nAccess may be limited to ebrary affiliated libraries. |
||
| 650 | 0 |
_aSocial service _xEvaluation. |
|
| 650 | 0 |
_aSocial service _xResearch. |
|
| 650 | 0 | _aEvaluation research (Social action programs) | |
| 655 | 7 |
_aElectronic books. _2local |
|
| 700 | 1 |
_aShaw, Ian, _d1945- |
|
| 700 | 1 | _aLishman, Joyce. | |
| 710 | 2 | _aebrary, Inc. | |
| 856 | 4 | 0 |
_uhttp://site.ebrary.com/lib/rucke/Doc?id=10369659 _zAn electronic book accessible through the World Wide Web; click to view |
| 999 |
_c110139 _d110139 |
||